MARC details
| 000 -LEADER |
| fixed length control field |
02575cam a2200493 i 4500 |
| 001 - CONTROL NUMBER |
| control field |
200468150 |
| 003 - CONTROL NUMBER IDENTIFIER |
| control field |
TR-AnTOB |
| 005 - DATE AND TIME OF LATEST TRANSACTION |
| control field |
20260416141333.0 |
| 007 - PHYSICAL DESCRIPTION FIXED FIELD--GENERAL INFORMATION |
| fixed length control field |
ta |
| 008 - FIXED-LENGTH DATA ELEMENTS--GENERAL INFORMATION |
| fixed length control field |
260416t19841984mauc b 001 0 eng |
| 010 ## - LIBRARY OF CONGRESS CONTROL NUMBER |
| LC control number |
83018472 |
| 016 7# - NATIONAL BIBLIOGRAPHIC AGENCY CONTROL NUMBER |
| Record control number |
000002918813 |
| Source |
AU |
| 020 ## - INTERNATIONAL STANDARD BOOK NUMBER |
| International Standard Book Number |
080577422X |
|
| International Standard Book Number |
9780805774221 |
|
| International Standard Book Number |
0805774297 |
| Qualifying information |
(paperback) |
|
| International Standard Book Number |
9780805774290 |
| Qualifying information |
(paperback) |
| 035 ## - SYSTEM CONTROL NUMBER |
| System control number |
(CLU)1086866-ucladb-Voyager |
|
| System control number |
(OCoLC)09945027 |
| Canceled/invalid control number |
(OCoLC)877167547 |
| -- |
(OCoLC)1058377004 |
| -- |
(OCoLC)1201930581 |
| -- |
(OCoLC)1334635631 |
|
| System control number |
(OCoLC)ocm09945027 |
|
| System control number |
(EXLNZ-01UCS_NETWORK)9912762678406531 |
|
| System control number |
(TR-AnTOB)200468150 |
| 040 ## - CATALOGING SOURCE |
| Original cataloging agency |
DLC |
| Language of cataloging |
eng |
| Description conventions |
rda |
| Transcribing agency |
DLC |
| Modifying agency |
BAKER |
| -- |
BTCTA |
| -- |
YDXCP |
| -- |
AU@ |
| -- |
NIALS |
| -- |
ILC |
| -- |
DEBBG |
| -- |
EUM |
| -- |
OCLCF |
| -- |
OCLCQ |
| -- |
LET |
| -- |
IOL |
| -- |
BRL |
| -- |
JDP |
| -- |
OCLCO |
| -- |
BOS |
| -- |
X$@ |
| -- |
TYC |
| -- |
OCLCA |
| -- |
OIP |
| -- |
OCLCL |
| -- |
LWA |
| -- |
OCLCO |
| -- |
OCLCL |
| -- |
TR-AnTOB |
| 041 0# - LANGUAGE CODE |
| Language code of text/sound track or separate title |
İngilizce |
| 050 00 - LIBRARY OF CONGRESS CALL NUMBER |
| Classification number |
PS3571.P4 |
| Item number |
Z64 1984 |
| 090 ## - LOCALLY ASSIGNED LC-TYPE CALL NUMBER (OCLC); LOCAL CALL NUMBER (RLIN) |
| Classification number (OCLC) (R) ; Classification number, CALL (RLIN) (NR) |
PS3571.P4 |
| Local cutter number (OCLC) ; Book number/undivided call number, CALL (RLIN) |
Z64 1984 |
| 100 1# - MAIN ENTRY--PERSONAL NAME |
| Personal name |
Detweiler, Robert |
| Relator term |
author |
| Relator code |
aut |
| Authority record control number or standard number |
http://id.loc.gov/authorities/names/n79018180 |
| 9 (RLIN) |
153735 |
| 245 10 - TITLE STATEMENT |
| Title |
John Updike / |
| Statement of responsibility, etc. |
by Robert Detweiler. |
| 250 ## - EDITION STATEMENT |
| Edition statement |
First paperback edition. |
| 264 #1 - PRODUCTION, PUBLICATION, DISTRIBUTION, MANUFACTURE, AND COPYRIGHT NOTICE |
| Place of production, publication, distribution, manufacture |
Boston : |
| Name of producer, publisher, distributor, manufacturer |
Twayne Publishers, |
| Date of production, publication, distribution, manufacture, or copyright notice |
1984. |
|
| Date of production, publication, distribution, manufacture, or copyright notice |
©1984 |
| 300 ## - PHYSICAL DESCRIPTION |
| Extent |
200 pages : |
| Other physical details |
portrait ; |
| Dimensions |
21 cm |
| 336 ## - CONTENT TYPE |
| Content type term |
text |
| Content type code |
txt |
| Source |
rdacontent |
| 337 ## - MEDIA TYPE |
| Media type term |
unmediated |
| Media type code |
n |
| Source |
rdamedia |
| 338 ## - CARRIER TYPE |
| Carrier type term |
volume |
| Carrier type code |
nc |
| Source |
rdacarrier |
| 490 0# - SERIES STATEMENT |
| Series statement |
Twayne's United States authors series ; |
| Volume/sequential designation |
TUSAS 481 |
| 504 ## - BIBLIOGRAPHY, ETC. NOTE |
| Bibliography, etc. note |
Includes bibliographical references and index. |
| 505 0# - FORMATTED CONTENTS NOTE |
| Formatted contents note |
John Updike: out of the ordinary -- The same door: unexpected gifts -- The poorhouse fair: the godless city of God -- Rabbit, run: the quest for a vanished grail -- Pigeon feathers: the design of design -- The centaur: guilt through redemption -- Of the farm: the failed poet and the urban Earth mother -- The music school: strange chords and strained cords -- Couples: Tristan and Don Juan in Tarbox -- Bech: a book: the Protestant as Jew -- Rabbit redux: the space beyond myth -- More fiction of the seventies: the exertions of Eros -- Problems, and, Too far to go: love above the void -- Rabbit is rich, and, Bech is back: sequels and success. |
| 520 ## - SUMMARY, ETC. |
| Summary, etc. |
Examines the texture and structure of Updike's writing, with special attention to the metaphoric language, above all the image patterns, that mark his style. |
| 600 10 - SUBJECT ADDED ENTRY--PERSONAL NAME |
| Personal name |
Updike, John |
| General subdivision |
Criticism and interpretation |
| 9 (RLIN) |
153736 |
| 655 #7 - INDEX TERM--GENRE/FORM |
| Genre/form data or focus term |
Literary criticism |
| Source of term |
lcgft |
| Authority record control number |
http://id.loc.gov/authorities/genreForms/gf2017026126 |
| 9 (RLIN) |
153224 |
| 942 ## - ADDED ENTRY ELEMENTS (KOHA) |
| Source of classification or shelving scheme |
Library of Congress Classification |
| Koha item type |
Book |